<?xml version="1.0" encoding="UTF-8"?>
<marc:record xmlns:marc="http://www.loc.gov/MARC21/slim">
   <marc:leader>00000nam a2200000 a 4500</marc:leader>
   <marc:datafield ind1="1" ind2=" " tag="100">
      <marc:subfield code="a">Baumjohann, Dorothea</marc:subfield>
      <marc:subfield code="4">aut</marc:subfield>
      <marc:subfield code="e">Verfasser/-in</marc:subfield>
   </marc:datafield>
   <marc:datafield ind1=" " ind2=" " tag="653">
      <marc:subfield code="a">Hochbeet</marc:subfield>
   </marc:datafield>
   <marc:datafield ind1="0" ind2="0" tag="245">
      <marc:subfield code="a">365 Tage Hochbeet</marc:subfield>
   </marc:datafield>
   <marc:datafield ind1="0" ind2="0" tag="245">
      <marc:subfield code="c">Baumjohann, Dorothea</marc:subfield>
   </marc:datafield>
   <marc:datafield ind1=" " ind2="1" tag="264">
      <marc:subfield code="a">München</marc:subfield>
      <marc:subfield code="b">Gräfe und Unzer</marc:subfield>
      <marc:subfield code="c">2021</marc:subfield>
   </marc:datafield>
   <marc:datafield ind1="1" ind2=" " tag="520">
      <marc:subfield code="a">Quelle: bn.bibliotheksnachrichten (http://www.biblio.at/literatur/bn/index.html); &#xD;
Autor: Maria Schmuckermair; &#xD;
Praxisnahe Anleitung zum Garteln im Hochbeet, die keine Fragen offenlässt. (NL)&#xD;
Dieses reich bebilderte Gartenbuch operiert mit dem Ausdruck "phänologischer Kalender", nach dem man sich bei der Bepflanzung orientieren solle. Die Entwicklungsstände der Vegetation einerseits und Tageslänge, Temperatur, Niederschläge andererseits sind dabei Orientierungsparameter. Die Forsythie etwa ist eine sogenannte Zeigerpflanze: Sie zeigt den "Erstfrühling" an, in dem man mit den Gartenarbeiten beginnen kann. Dagegen ist die Blüte des Schwarzen Holunders ein Indiz für den Frühsommer, in dem die wärmebedürftigsten Pflanzen im Hochbeet gesetzt werden sollten.&#xD;
Besonders hilfreich sind die sechs detaillierten Bepflanzungsvorschläge für Themenbeete, aus denen man das ganze Jahr entweder Gemüse, Rohkost, Kräuter, Zutaten für die italienische Küche, Nasch- und Duftpflanzen oder heimisches Superfood ernten kann. Ergänzt wird das Werk durch genaue Anleitungen für den Bau eines Hochbeetes, für das Heranziehen der Jungpflanzen und für die Auswahl der Gemüse-, Kräuter- und Beerensorten. Ansprechende Fotos, farbige schematische Zeichnungen sowie übersichtliche Tabellen vervollständigen den informativen Text. - Eine reich gefüllte Fundgrube für Anfänger*innen und Spezialist*innen. Sehr zu empfehlen!</marc:subfield>
   </marc:datafield>
   <marc:datafield ind1=" " ind2=" " tag="020">
      <marc:subfield code="a">9783833880308</marc:subfield>
      <marc:subfield code="9">9783833880308</marc:subfield>
   </marc:datafield>
   <marc:datafield ind1=" " ind2=" " tag="020">
      <marc:subfield code="a">3833880309</marc:subfield>
      <marc:subfield code="9">3833880309</marc:subfield>
   </marc:datafield>
   <marc:datafield ind1=" " ind2=" " tag="041">
      <marc:subfield code="a">ger</marc:subfield>
   </marc:datafield>
   <marc:datafield ind1=" " ind2=" " tag="300">
      <marc:subfield code="b">Illustrationen</marc:subfield>
   </marc:datafield>
   <marc:datafield ind1=" " ind2=" " tag="338">
      <marc:subfield code="a">Band</marc:subfield>
   </marc:datafield>
   <marc:datafield ind1=" " ind2=" " tag="300">
      <marc:subfield code="a">176 Seiten</marc:subfield>
   </marc:datafield>
</marc:record>
